<?xml version="1.0" encoding="UTF-8"?>
<record
    xmlns:xsi="http://www.w3.org/2001/XMLSchema-instance"
    xsi:schemaLocation="http://www.loc.gov/MARC21/slim http://www.loc.gov/standards/marcxml/schema/MARC21slim.xsd"
    xmlns="http://www.loc.gov/MARC21/slim">

  <leader>00386nam a2200157Ia 4500</leader>
  <controlfield tag="008">191201s2007    xx            000 0 und d</controlfield>
  <datafield tag="020" ind1=" " ind2=" ">
    <subfield code="a">9788187522485</subfield>
  </datafield>
  <datafield tag="082" ind1=" " ind2=" ">
    <subfield code="a">005.133</subfield>
    <subfield code="b">BHB</subfield>
  </datafield>
  <datafield tag="100" ind1=" " ind2=" ">
    <subfield code="a">BHATIA, Mandeep S</subfield>
  </datafield>
  <datafield tag="245" ind1=" " ind2="2">
    <subfield code="a">A Beginners Guide to Visual Basic 6</subfield>
  </datafield>
  <datafield tag="250" ind1=" " ind2=" ">
    <subfield code="a">Rep.</subfield>
  </datafield>
  <datafield tag="260" ind1=" " ind2=" ">
    <subfield code="a">New Delhi</subfield>
    <subfield code="b">Khanna Publisher</subfield>
    <subfield code="c">2007</subfield>
  </datafield>
  <datafield tag="300" ind1=" " ind2=" ">
    <subfield code="a">551</subfield>
  </datafield>
  <datafield tag="650" ind1=" " ind2=" ">
    <subfield code="a">MCA</subfield>
  </datafield>
  <datafield tag="942" ind1=" " ind2=" ">
    <subfield code="2">ddc</subfield>
    <subfield code="c">BK</subfield>
  </datafield>
  <datafield tag="999" ind1=" " ind2=" ">
    <subfield code="c">3757</subfield>
    <subfield code="d">3757</subfield>
  </datafield>
  <datafield tag="952" ind1=" " ind2=" ">
    <subfield code="0">0</subfield>
    <subfield code="1">0</subfield>
    <subfield code="2">ddc</subfield>
    <subfield code="4">0</subfield>
    <subfield code="7">0</subfield>
    <subfield code="8">MCA</subfield>
    <subfield code="a">PIET</subfield>
    <subfield code="b">PIET</subfield>
    <subfield code="d">2009-02-24</subfield>
    <subfield code="e">J B C, New Delhi</subfield>
    <subfield code="g">295.00</subfield>
    <subfield code="k">SI-5274</subfield>
    <subfield code="l">3</subfield>
    <subfield code="o">005.133 BHB</subfield>
    <subfield code="p">11098</subfield>
    <subfield code="r">2024-12-16 00:00:00</subfield>
    <subfield code="s">2024-12-09</subfield>
    <subfield code="w">2009-01-21</subfield>
    <subfield code="y">BK</subfield>
  </datafield>
  <datafield tag="952" ind1=" " ind2=" ">
    <subfield code="0">0</subfield>
    <subfield code="1">0</subfield>
    <subfield code="2">ddc</subfield>
    <subfield code="4">0</subfield>
    <subfield code="7">0</subfield>
    <subfield code="8">MCA</subfield>
    <subfield code="a">PIET</subfield>
    <subfield code="b">PIET</subfield>
    <subfield code="d">2009-02-24</subfield>
    <subfield code="e">J B C, New Delhi</subfield>
    <subfield code="g">295.00</subfield>
    <subfield code="k">SI-5274</subfield>
    <subfield code="l">0</subfield>
    <subfield code="o">005.133 BHB</subfield>
    <subfield code="p">11099</subfield>
    <subfield code="r">2019-12-04 00:00:00</subfield>
    <subfield code="w">2009-01-21</subfield>
    <subfield code="y">BK</subfield>
  </datafield>
  <datafield tag="952" ind1=" " ind2=" ">
    <subfield code="0">0</subfield>
    <subfield code="1">0</subfield>
    <subfield code="2">ddc</subfield>
    <subfield code="4">0</subfield>
    <subfield code="7">0</subfield>
    <subfield code="8">MCA</subfield>
    <subfield code="a">PIET</subfield>
    <subfield code="b">PIET</subfield>
    <subfield code="d">2009-02-24</subfield>
    <subfield code="e">J B C, New Delhi</subfield>
    <subfield code="g">295.00</subfield>
    <subfield code="k">SI-5274</subfield>
    <subfield code="l">2</subfield>
    <subfield code="o">005.133 BHB</subfield>
    <subfield code="p">11100</subfield>
    <subfield code="r">2023-08-29 00:00:00</subfield>
    <subfield code="s">2023-08-11</subfield>
    <subfield code="w">2009-01-21</subfield>
    <subfield code="y">BK</subfield>
  </datafield>
  <datafield tag="952" ind1=" " ind2=" ">
    <subfield code="0">0</subfield>
    <subfield code="1">0</subfield>
    <subfield code="2">ddc</subfield>
    <subfield code="4">0</subfield>
    <subfield code="7">0</subfield>
    <subfield code="8">MCA</subfield>
    <subfield code="a">PIET</subfield>
    <subfield code="b">PIET</subfield>
    <subfield code="d">2009-02-24</subfield>
    <subfield code="e">J B C, New Delhi</subfield>
    <subfield code="g">295.00</subfield>
    <subfield code="k">SI-5274</subfield>
    <subfield code="l">6</subfield>
    <subfield code="o">005.133 BHB</subfield>
    <subfield code="p">11101</subfield>
    <subfield code="r">2024-10-17 00:00:00</subfield>
    <subfield code="s">2024-09-11</subfield>
    <subfield code="w">2009-01-21</subfield>
    <subfield code="y">BK</subfield>
  </datafield>
  <datafield tag="952" ind1=" " ind2=" ">
    <subfield code="0">0</subfield>
    <subfield code="1">0</subfield>
    <subfield code="2">ddc</subfield>
    <subfield code="4">0</subfield>
    <subfield code="7">0</subfield>
    <subfield code="8">MCA</subfield>
    <subfield code="a">PIET</subfield>
    <subfield code="b">PIET</subfield>
    <subfield code="d">2009-02-24</subfield>
    <subfield code="e">J B C, New Delhi</subfield>
    <subfield code="g">295.00</subfield>
    <subfield code="k">SI-5274</subfield>
    <subfield code="l">4</subfield>
    <subfield code="o">005.133 BHB</subfield>
    <subfield code="p">11102</subfield>
    <subfield code="r">2024-10-04 00:00:00</subfield>
    <subfield code="s">2024-09-21</subfield>
    <subfield code="w">2009-01-21</subfield>
    <subfield code="y">BK</subfield>
  </datafield>
</record>
